000
00288nam a2200121Ia 4500
008
191201s2011 xx 000 0 und d
100
_a
REEDHILL,Robert E
245
0
_a
Physical metallurgy Principles
250
_a
Rep
260
_c
2011
_b
EWP
_a
NEW DELHI
300
_a
920
942
_2
ddc
_c
BK
999
_c
8148
_d
8148